000
00323nam a2200133Ia 4500
008
191201s2005 xx 000 0 und d
082
_a
621.3815
_b
RAI
100
_a
RANGAN, C S
245
0
_a
Instrumentation Devices and Systems
260
_a
N.Delhi
_b
TMH
_c
2005
300
_a
549
650
_a
B.Tech(ECE)
942
_2
ddc
_c
BK
999
_c
1630
_d
1630